Manuscritos /
Guardado en:
| Autor Principal: | |
|---|---|
| Otros Autores: | |
| Formato: | Libro |
| Idioma: | Undetermined |
| Publicado: |
Barcelona :
Altaya,
1997.
|
| Edición: | 1a. ed. |
| Series: | Grandes obras del pensamiento ;
12 |
| Etiquetas: |
Agregar Etiqueta
Sin Etiquetas, Sea el primero en etiquetar este registro!
|
| LEADER | 00483nam a22001695a 4500 | ||
|---|---|---|---|
| 001 | DER.der015128 | ||
| 008 | 250214s1997####sp############000#0#und#d | ||
| 005 | 20250214132352.0 | ||
| 245 | 1 | 0 | |a Manuscritos / |c Karl Marx. |
| 250 | |a 1a. ed. | ||
| 260 | |a Barcelona : |b Altaya, |c 1997. | ||
| 300 | |a 253 p. | ||
| 490 | 1 | |a Grandes obras del pensamiento ; |v 12 | |
| 020 | |a 8448701313 | ||
| 100 | 1 | |a Marx, Karl. | |
| 700 | 1 | |a Rubio Llorente, Francisco, |e trad. | |
| 859 | |a DERECHO |b BIB. DERECHO |h 320.5 |i MAR |p 0010534 | ||
